Report on the incident of police firing at Ahmedabad on the 5th August 1964, (Record no. 68361)

MARC details
000 -LEADER
fixed length control field 00901cam a22002651 4500
001 - CONTROL NUMBER
control field sa 66002417
003 - CONTROL NUMBER IDENTIFIER
control field DLC
005 - DATE AND TIME OF LATEST TRANSACTION
control field 20260227112229.0
008 - FIXED-LENGTH DATA ELEMENTS--GENERAL INFORMATION
fixed length control field 781108s1965 ii b f000 0 eng
010 ## - LIBRARY OF CONGRESS CONTROL NUMBER
LC control number sa 66002417
025 ## - OVERSEAS ACQUISITION NUMBER
Overseas acquisition number PL480:I-E-4761
035 ## - SYSTEM CONTROL NUMBER
System control number (OCoLC)4355950
040 ## - CATALOGING SOURCE
Original cataloging agency DLC
Transcribing agency MH
Modifying agency DLC
042 ## - AUTHENTICATION CODE
Authentication code premarc
050 00 - LIBRARY OF CONGRESS CALL NUMBER
Classification number HV8249.G8
Item number V3
100 1# - MAIN ENTRY--PERSONAL NAME
Personal name Vakil, N. K.
245 10 - TITLE STATEMENT
Title Report on the incident of police firing at Ahmedabad on the 5th August 1964,
Remainder of title and other incidents on the 5th and 6th of August 1964,
Statement of responsibility, etc. by N. K. Vakil.
260 ## - PUBLICATION, DISTRIBUTION, ETC.
Place of publication, distribution, etc. [Ahmedabad]
Date of publication, distribution, etc. 1965.
300 ## - PHYSICAL DESCRIPTION
Extent 2, v, 308 p.
Other physical details fold. map.
Dimensions 28 cm.
500 ## - GENERAL NOTE
General note Cover title.
500 ## - GENERAL NOTE
General note At head of title: Govt. of Gujarat. Home and Civil Supplies Dept.
651 #0 - SUBJECT ADDED ENTRY--GEOGRAPHIC NAME
Geographic name Ahmadābād (India)
General subdivision Riot, 1964.
650 #0 - SUBJECT ADDED ENTRY--TOPICAL TERM
Topical term or geographic name entry element Police
Geographic subdivision India
-- Gujarat.
710 1# - ADDED ENTRY--CORPORATE NAME
Corporate name or jurisdiction name as entry element Gujarat (India).
Subordinate unit Home and Civil Supplies Department.

No items available.

Powered by Koha